000 00963nam a22002417a 4500
005 20240530110546.0
008 160117s2013 ua a f b 000 0 ara d
017 _a2012/7330
_bمصر. دار الكتب المصرية
020 _a9789774382859
040 _aEG-CaGPL
082 0 4 _221
_a616.3\
_bخ ط
100 0 _aخالد احمد حسنين على حربى .
245 1 0 _aطب الباطنة فى الحضارة الاسلامية :
_bتاسيس و تأصيل /
_cتاليف و تحقيق خالد احمد حسنين على حربى .
250 _aط1.
260 _aالاسكندرية :
_bالمكتب الجامعى الحديث ،
_c2013 .
300 _a491 ص ؛
_c24 سم .
504 _aيشتمل على ارجاعات ببليوجرافية
650 0 4 _aالطب النبوى .
650 0 4 _aالطب الباطنى .
650 0 4 _aالاسلام و الطب .
942 _2ddc
_cBK
999 _c62357
_d62357